_Invitations changing as teachers and Learners K-12 (Record no. 12493)
[ view plain ]
| 000 -LEADER | |
|---|---|
| fixed length control field | 00459nam a2200157Ia 4500 |
| 008 - FIXED-LENGTH DATA ELEMENTS--GENERAL INFORMATION | |
| fixed length control field | 151021s9999 xx 000 0 und d |
| 020 ## - INTERNATIONAL STANDARD BOOK NUMBER | |
| International Standard Book Number | 772518505 |
| 050 ## - LIBRARY OF CONGRESS CALL NUMBER | |
| Classification number | LB 1573.33 .R67 1991 |
| 245 ## - TITLE STATEMENT | |
| Title | _Invitations changing as teachers and Learners K-12 |
| 260 ## - PUBLICATION, DISTRIBUTION, ETC. (IMPRINT) | |
| Place of publication, distribution, etc. | U.S.A Irwin Publishing 1991 |
| 300 ## - PHYSICAL DESCRIPTION | |
| Extent | xxi,502p,;ill |
| 500 ## - GENERAL NOTE | |
| General note | includes index |
| 500 ## - GENERAL NOTE | |
| General note | includes index |
| 650 ## - SUBJECT ADDED ENTRY--TOPICAL TERM | |
| Topical term or geographic name as entry element | _English Language |
| 980 ## - EQUIVALENCE OR CROSS-REFERENCE-SERIES STATEMENT--PERSONAL NAME/TITLE [LOCAL, CANADA] | |
| Personal name | ^d20120827 11:35:29^okorir |
No items available.